| Tag |
First Indicator |
Second Indicator |
Subfields |
| LEADER |
00000cam a2200000 a 4500 |
| 001 |
in00001375421 |
| 005 |
20151006082237.0 |
| 008 |
960123s1996 enka b 001 0 eng |
| 010 |
|
|
|a 96002504
|
| 020 |
|
|
|a 1858982251
|
| 035 |
|
|
|a (OCoLC)34117448
|
| 035 |
|
|
|9 AHJ3286AM
|
| 040 |
|
|
|a DLC
|c DLC
|d C#P
|d TXA
|d UtOrBLW
|
| 043 |
|
|
|a n------
|a cl-----
|a ae-----
|
| 049 |
|
|
|a TXAM
|
| 050 |
0 |
0 |
|a HF5616.N7
|b C68 1996
|
| 082 |
0 |
0 |
|a 657/.095
|2 20
|
| 245 |
0 |
0 |
|a Country studies in international accounting.
|p Americas and the Far East /
|c edited by Gary K. Meek.
|
| 264 |
|
1 |
|a Cheltenham, Glos, UK ;
|a Brookfield, Vt. :
|b E. Elgar,
|c [1996]
|
| 264 |
|
4 |
|c ©1996
|
| 300 |
|
|
|a xx, 484 pages :
|b illustrations ;
|c 25 cm.
|
| 336 |
|
|
|a text
|b txt
|2 rdacontent
|
| 337 |
|
|
|a unmediated
|b n
|2 rdamedia
|
| 338 |
|
|
|a volume
|b nc
|2 rdacarrier
|
| 490 |
1 |
|
|a An Elgar reference collection
|
| 490 |
1 |
|
|a The library of international accounting ;
|v 3
|
| 504 |
|
|
|a Includes bibliographical references and index.
|
| 650 |
|
0 |
|a Accounting
|z North America.
|
| 650 |
|
0 |
|a Accounting
|z Latin America.
|
| 650 |
|
0 |
|a Accounting
|z East Asia.
|
| 650 |
|
0 |
|a Financial statements
|z North America.
|
| 650 |
|
0 |
|a Financial statements
|z Latin America.
|
| 650 |
|
0 |
|a Financial statements
|z East Asia.
|
| 650 |
|
0 |
|a Accounting
|x Standards
|z North America.
|
| 650 |
|
0 |
|a Accounting
|x Standards
|z Latin America.
|
| 650 |
|
0 |
|a Accounting
|x Standards
|z East Asia.
|
| 650 |
|
0 |
|a Comparative accounting.
|
| 700 |
1 |
|
|a Meek, Gary K.,
|d 1949-
|
| 830 |
|
0 |
|a Elgar reference collection.
|
| 830 |
|
0 |
|a Library of international accounting ;
|v 3.
|
| 999 |
|
|
|a MARS
|
| 999 |
f |
f |
|s 379950e7-61c1-3f95-ac51-5e01331ad923
|i b0b817da-025e-34d2-92c0-29e071213c2e
|t 0
|
| 952 |
f |
f |
|p ric
|a Texas A&M University
|b Rellis Campus
|c Joint Library Facility
|d Remote Storage
|t 0
|e HF5616.N7 C68 1996
|h Library of Congress classification
|i unmediated -- volume
|m A14821252114
|
| 998 |
f |
f |
|a HF5616.N7 C68 1996
|t 0
|l Remote Storage
|